[Event "Guayaquil Feda 176 op"]
[Site "Guayaquil"]
[Date "2012.01.22"]
[Round "7"]
[White "Cerezo Najera, Jorge"]
[Black "Rosales Murillo, Cristina"]
[Result "1/2-1/2"]
[WhiteElo "1843"]
[BlackElo "1677"]
[PlyCount "52"]
[EventDate "2012.01.20"]
[EventType "swiss"]
[EventRounds "7"]
[EventCountry "ECU"]
[SourceTitle "EXT 2014"]
[Source "ChessBase"]
[SourceDate "2013.11.20"]
[SourceVersion "1"]
[SourceVersionDate "2013.11.20"]
[SourceQuality "1"]

1. d4 f5 2. Nf3 e6 3. g3 Nf6 4. Bg2 c6 5. c4 d5 6. cxd5 exd5 7. Nc3 Bd6 8. a3 a5 9. Bf4 Bxf4 10. gxf4 Ne4 11. e3 Nd7 12. h4 Ndf6 13. Ne5 Be6 14. Ne2 Ng4 15. Nxg4 fxg4 16. Bxe4 dxe4 17. Ng3 Qd5 18. Rc1 Rd8 19. f5 Bxf5 20. Rc5 Qxc5 21. dxc5 Rxd1+ 22. Kxd1 0-0 23. Ke2 Be6 24. Rc1 Bd5 25. Kf1 h6 26. Kg2 g6 1/2-1/2

[Event "Guayaquil Feda 176 op"]
[Site "Guayaquil"]
[Date "2012.01.22"]
[Round "6"]
[White "Pena Contreras, Melanie"]
[Black "Cerezo Najera, Jorge"]
[Result "0-1"]
[WhiteElo "1457"]
[BlackElo "1843"]
[PlyCount "50"]
[EventDate "2012.01.20"]
[EventType "swiss"]
[EventRounds "7"]
[EventCountry "ECU"]
[SourceTitle "EXT 2014"]
[Source "ChessBase"]
[SourceDate "2013.11.20"]
[SourceVersion "1"]
[SourceVersionDate "2013.11.20"]
[SourceQuality "1"]

1. e4 d5 2. exd5 Qxd5 3. Nc3 Qa5 4. Nf3 Nf6 5. Bc4 c6 6. d4 Bf5 7. Bd2 Qc7 8. h3 e6 9. Ne5 Nbd7 10. Bf4 Bd6 11. Qe2 Nb6 12. Bb3 h5 13. Rg1 h4 14. d5 Nfxd5 15. Bxd5 Nxd5 16. Nxd5 cxd5 17. Qb5+ Kf8 18. Nd7+ Kg8 19. Bxd6 Qxd6 20. Nc5 Rc8 21. b4 b6 22. Nd3 Rxc2 23. f3 Bxd3 24. Qxd3 Qxb4+ 25. Kd1 Rc4 0-1

[Event "Guayaquil Feda Dia de los Reyes 176"]
[Site "Guayaquil"]
[Date "2012.01.07"]
[Round "5"]
[White "Montenegro Torres, Carlos"]
[Black "Cerezo Najera, Jorge"]
[Result "1-0"]
[WhiteElo "2179"]
[BlackElo "1843"]
[PlyCount "51"]
[EventDate "2012.01.06"]
[EventType "swiss"]
[EventRounds "7"]
[EventCountry "ECU"]
[SourceTitle "EXT 2014"]
[Source "ChessBase"]
[SourceDate "2013.11.20"]
[SourceVersion "1"]
[SourceVersionDate "2013.11.20"]
[SourceQuality "1"]

1. c4 Nf6 2. Nc3 d6 3. d4 g6 4. e4 Bg7 5. f3 0-0 6. Be3 e5 7. Nge2 Nc6 8. d5 Ne7 9. Qd2 Nd7 10. 0-0-0 a5 11. Kb1 f5 12. Nc1 Nf6 13. Bd3 fxe4 14. fxe4 Ng4 15. Qe2 Nf6 16. c5 dxc5 17. Bxc5 b6 18. Bg1 c5 19. dxc6 Nxc6 20. Bc4+ Kh8 21. Rxd8 Rxd8 22. Bd5 Ba6 23. Bxc6 Bxe2 24. Bxa8 Bf1 25. Bxb6 Rxa8 26. Rxf1 1-0